What Do Early-Stage Investors Value More in Decision-Making? Horse vs Jockey Debate: A Meta-Analytic Review

Analýza dlhodobej vedeckej debaty, či príležitosť je dôležitejšia ako schopnosti podnikateľa alebo opačne. Metanalýza rozhodovacích kritérií mladých investorov, keď hodnotia nové príležitosti.

Saved in:
Bibliographic Details
Main Author: Hanák, Róbert, 1979-
Format: Book Chapter
Language:English
Subjects:
Tags: Add Tag
No Tags, Be the first to tag this record!

MARC

LEADER 00000naa$a2200000$$$4500
001 0281323
005 20240502083904.6
041 0 |a eng 
044 |a GB 
245 1 0 |a What Do Early-Stage Investors Value More in Decision-Making? Horse vs Jockey Debate: A Meta-Analytic Review  |c Róbert Hanák 
520 |a Analýza dlhodobej vedeckej debaty, či príležitosť je dôležitejšia ako schopnosti podnikateľa alebo opačne. Metanalýza rozhodovacích kritérií mladých investorov, keď hodnotia nové príležitosti. 
610 2 0 |a trhy 
610 2 0 |a investovanie 
610 2 0 |a rozhodovanie 
610 2 0 |a podnikatelia 
100 1 |a Hanák, Róbert, 1979-